| 000 | 00709nam a2200229Ia 4500 | ||
|---|---|---|---|
| 001 | 3330 | ||
| 003 | GE_BSU | ||
| 008 | 181216s||||||||xx |||||||||||||| ||und|| | ||
| 040 | _cGE_BSU | ||
| 080 | _a693.6 | ||
| 100 | _aШепелев A.M. | ||
| 245 | _aШтукатурные работы | ||
| 245 | _bучеб. ля проф. техн. училищ и подготовки рабочих на производстве. | ||
| 245 | _cредактор З.В. Михальчук | ||
| 250 | _aИзд. 6-Е | ||
| 260 | _aМосква | ||
| 260 | _bВысшая школа | ||
| 260 | _c1970 | ||
| 300 | _a336 с илл; табл 22 см. | ||
| 653 | _aШтукатурные работы | ||
| 942 | _cBK | ||
| 999 |
_c37371 _d37371 |
||